La carrière de Diego Godin - Statistiques

Statistiques générales
  • Ce quiz a été pris 7 fois
  • Le résultat moyen est 3 sur 9
Statistiques - réponses
Année Match Club % Correct
2010 - 2019 389 Atletico Madrid
100%
2019 - 2020 36 Inter Milan
100%
2020 - 2021 40 Cagliari Calcio
29%
2006 - 2007 46 Nacional
14%
2022 - 2023 16 Vélez Sarsfield
14%
2022 9 Atlético Mineiro
0%
2003 - 2006 56 CA Cerro
0%
2024 1 CR Porongos
0%
2007 - 2010 116 Villareal CF
0%
Aucun quiz correspondant
Distribution des résultats
% des personnes avec chaque résultat
Percentile par nombre de réponses
Votre historique - résultats
Vous n’avez pas pris ce quiz